Tate McRae: Complete Discography - Statistics

General Stats
  • This quiz has been taken 240 times
    137 since last reset
  • The average score is 55 of 83
Answer Stats
Album Song % Correct
Think Later Greedy
92%
Think Later Exes
89%
So Close To What Sports Car
89%
Duets / Collaborations You
89%
Think Later Think Later
87%
So Close To What (Bonus) Anything But Love
86%
So Close To What (Bonus) Siren Sounds
86%
So Close To What (Bonus) Tit For Tat
86%
So Close To What It's OK I'm OK
85%
So Close To What Miss Possessive
85%
Soundtracks Just Keep Watching
84%
So Close To What Dear God
82%
So Close To What Revolving Door
82%
So Close To What (Bonus) Horseshoe
81%
So Close To What I Know Love
81%
Too Young to Be Sad You Broke Me First
81%
So Close To What 2 Hands
80%
So Close To What Blood On My Hands
80%
Think Later Grave
80%
So Close To What (Bonus) Nobody's Girl
80%
One Day One Day
80%
Think Later Plastic Palm Trees
80%
So Close To What Purple Lace Bra
80%
Think Later Run For The Hills
80%
I Used to Think I Could Fly She's All I Wanna Be
78%
Think Later Calgary
77%
So Close To What Nostalgia
77%
So Close To What (Bonus) Trying On Shoes
77%
So Close To What Greenlight
76%
Think Later Guilty Conscience
76%
Think Later Cut My Hair
75%
So Close To What Signs
75%
Duets / Collaborations 10:35
73%
So Close To What No I'm Not In Love
72%
Think Later We're Not Alike
72%
So Close To What Like I Do
71%
Think Later Messier
70%
All the Things I Never Said That Way
70%
Duets / Collaborations That Way
70%
Too Young to Be Sad Rubberband
67%
Singles Uh Oh
67%
Think Later Want That Too
67%
Think Later Hurt My Feelings
66%
I Used to Think I Could Fly Feel Like Shit
65%
So Close To What Means I Care
65%
Too Young to Be Sad Wish I Loved You In The 90s
63%
All the Things I Never Said All My Friends Are Fake
62%
I Used to Think I Could Fly Chaotic
62%
Think Later Stay Done
62%
All the Things I Never Said Stupid
62%
Duets / Collaborations What I Want
62%
I Used to Think I Could Fly What's Your Problem?
62%
I Used to Think I Could Fly What Would You Do?
62%
I Used to Think I Could Fly Boy X
61%
One Day Teenage Mind
61%
I Used to Think I Could Fly Don't Come Back
59%
I Used to Think I Could Fly I Still Say Goodnight
57%
Too Young to Be Sad Slower
57%
I Used to Think I Could Fly You're So Cool
57%
Too Young to Be Sad Bad Ones
56%
I Used to Think I Could Fly Hate Myself
56%
One Day Shoulder To Shoulder
56%
I Used to Think I Could Fly Go Away
53%
Too Young to Be Sad R U OK
53%
One Day Slip
53%
One Day Drown
49%
All the Things I Never Said Tear Myself Apart
49%
One Day Hung Up On You
48%
So Close To What (Bonus) Call My Bluff
47%
One Day Distant
47%
All the Things I Never Said Happy Face
47%
I Used to Think I Could Fly I'm So Gone
47%
Singles Vicious
47%
Duets / Collaborations Working
47%
One Day Can't Get It Out
43%
One Day Hard To Find
43%
Singles Kids Are Alright
43%
Duets / Collaborations Lie To Me
43%
Singles Don't Be Sad
42%
So Close To What (Bonus) Better Than I Was
41%
Duets / Collaborations U Love U
37%
Features All Day All Night
33%
Features Remembering
22%
No matching quizzes found
Score Distribution
Percent of People with Each Score
Percentile by Number Answered
Your Score History
You have not taken this quiz since the last reset